| 000 | 01198nam a2200337 a 4500 | ||
|---|---|---|---|
| 001 | 0000428 | ||
| 003 | DO-SdBNP | ||
| 005 | 20240627125150.0 | ||
| 007 | 0000428 | ||
| 008 | 091125s2010 cl a 000 0 spa d | ||
| 020 | _a9789589815601 | ||
| 040 |
_aBPMSU _bspa _cBPMSU |
||
| 082 | 4 |
_a745.5 _bC824m 2010 _222 |
|
| 100 | 1 | _aCorrea Correa, Javier | |
| 245 | 1 | 0 |
_a Manitas mágicas / _cJavier Correa Correa ; ilustraciones Edgar Humberto Buitrago...[et. al] ; fotografía Enriquez Guzmán |
| 246 | 1 | 4 |
_aManitas mágicas : _bplatilina, fomi, globos y origami |
| 260 |
_aColombia : _bContinente editores, _c2010. |
||
| 300 |
_a288 p. : _bil. ; _c29 cm. _e+ CD ROOM |
||
| 590 | _aInventariado, 2024/VM | ||
| 650 | 4 | _aTrabajos manuales (Educación) | |
| 650 | 4 | _a Trabajos en papel | |
| 700 | 1 |
_aÁlvarez, Edgar Humberto _eilustración |
|
| 700 | 1 |
_aÁvila Arevalo, Lyda _eilustraciones |
|
| 700 | 1 |
_aBuitrago, Alberto _eilustraciones |
|
| 700 | 1 |
_aLópez, Ana María _eilustraciones |
|
| 700 | 1 |
_aRodríguez, Andrés _eilustraciones |
|
| 700 | 1 |
_aGuzmán, Enriquez _efotografía |
|
| 710 | 2 | _aContinente Editories | |
| 910 | _a VMateo V. Control de calidad. BPMSU | ||
| 942 |
_2ddc _cBK |
||
| 999 |
_c10499 _d10499 |
||